00466cam a22001217a 4500008004000000082001900040100001500059245011600074260005700190300001000247650004400257700004300301180718b1983 xxu||||| |||| 00| 0 eng d aT426x5442 M278 aLaud, G.M. aSeven decades of innovative banking : history of the Maharashtra State Co-operative Bank, 1911-81cby G.M. Laud aBombaybThe Maharashtra State Co-op. Bank Ltd.c1983 a564p. aCooperative banks - India - Maharashtra aThe Maharashtra State Co-op. Bank Ltd.